000 01394naa a22003257a 4500
001 BR9214332
003 BR-BrBNA
005 20240918180821.0
007 ta
008 230509b bl.||||| |||| 00| 0 por d
040 _aBR-BrBNA
_bpor
_cBiblioteca Nacional de Agricultura
041 _a(Pt)
072 _aF06
090 _aF06 BR9214332
100 1 _aCarvalho, J.A.
100 1 _aRamos, M.M.
100 1 _aSoares, A.A.
100 1 _aBernardo, S.
111 1 _a20. Congresso Brasileiro de Engenharia Agricola
_cLondrina, PR (Brazil)
_d21-26 Jul 1991
245 1 _aEfeito do retificador de fluxo na distribuicao de gotas por tamanhos e na uniformidade de distribuicao de agua de um aspersor de media pressao
246 1 _aEffect of the flow retificator on the drop size distribution and the uniformity of water distribution by an intermediate pressure sprinkler
246 1 _aAnnals of 20. Brazilian Congress of Agricultural Engineering
260 3 _aLondrina, PR (Brasil):
_c1992.
500 _aAnais do 20. Congresso Brasileiro de Engenharia Agricola Londrina, PR (Brasil): 1992. v. 1 p. 477-493 (BR9214332-AM)F06
650 _aAspersor
650 _aDistribuicao de Agua
773 0 _tAnais do 20. Congresso Brasileiro de Engenharia Agricola
_wF06 BR9214332
_gLondrina, PR (Brasil), 1992. v. 1 p. 477-493
909 _a202404
_bLucia
_c55
_dLucia Elande
942 _cAM
_2AGRIS
999 _c322164
_d322164